• 首页
  • 本馆介绍
  • 公告通知
  • 最新文献
  • 馆藏检索
  • 电子资源
  • 读者导购
  • 参考咨询
  • 我的图书馆
  • 登录
  • 详细信息显示
  • 放入我的书架
  • 预约/预借图书
  • 作者相关作品
  • 分类相关作品
  • 丛书相关作品
  • 出版社相关作品

书目信息

  • 表格格式
  • 工作单格式
  • 卡片格式
题名:
寺观史话
    
 
作者: 陈可畏 著
分册:  
出版信息: 北京   中国大百科全书出版社  2000
页数: 208页
开本: 19cm
丛书名: 中华文明史话
单 册:
中图分类: TU-098.3 , TU-098
科图分类:
主题词: 寺庙--宗教建筑--建筑史--中国--古代
电子资源:
ISBN: 7-5000-6272-9
000 00803oam2 2200253 450
001 1556216512
005 20150118153726.62
010    @a7-5000-6272-9@dCNY10.00
100    @a20001009d2000 em y0chiy0110 ea
101 0  @achi
102    @aCN@b110000
105    @ay z 000yy
200 1  @a寺观史话@9si guan shi hua@f陈可畏[著]
210    @a北京@c中国大百科全书出版社@d2000
215    @a208页@d19cm
225 2  @a中华文明史话
330    @a本书对佛教、道教的寺院布局、内部的建筑结构和布置作了重点的详细介绍。对佛教和道教在我国的传播和兴衰过程也作了简要概述。
461  0 @12001 @a中华文明史话
606 0  @a寺庙@x宗教建筑@x建筑史@y中国@z古代
690    @aTU-098.3@v5
690    @aTU-098@v4
701  0 @a陈可畏@9chen ke wei@f(1932~)@4著
801  0 @aCN@bTSSF@c20150115
905    @aZUCC@dTU-098@eJY1
    
    寺观史话/陈可畏[著].-北京:中国大百科全书出版社,2000
    208页;19cm.-(中华文明史话)
    
    
    ISBN 7-5000-6272-9:CNY10.00
    本书对佛教、道教的寺院布局、内部的建筑结构和布置作了重点的详细介绍。对佛教和道教在我国的传播和兴衰过程也作了简要概述。
●
相关链接 在E读中查询图书 在五车中查询图书 在当当中查询图书 在豆瓣中查询图书


正题名:寺观史话     索取号:TU-098/JY1         预约/预借

序号 登录号 条形码 馆藏地/架位号 状态 备注
1 7835633   278356333   学院路分馆/ [索取号:TU-098/JY1] 在馆    
2 7835634   278356342   学院路分馆/ [索取号:TU-098/JY1] 在馆    
3 7835635   278356351   学院路分馆/ [索取号:TU-098/JY1] 在馆    
4 7835636   278356360   学院路分馆/ [索取号:TU-098/JY1] 在馆    
唐山师范学院图书馆 欢迎您!
大连网信软件有限公司© 版权所有